Efficient wage bargains under uncertain supply and demand (Registro nro. 27968)

Detalles MARC
000 -LEADER
fixed length control field 00383 a2200121 4500
001 - CONTROL NUMBER
control field ART_17725
005 - DATE AND TIME OF LATEST TRANSACTION
control field 20260410161924.0
008 - FIXED-LENGTH DATA ELEMENTS--GENERAL INFORMATION
fixed length control field 260409a
100 1# - MAIN ENTRY--PERSONAL NAME
Personal name Hall, Robert E.
245 10 - TITLE STATEMENT
Title Efficient wage bargains under uncertain supply and demand
700 1# - ADDED ENTRY--PERSONAL NAME
Personal name Lilien, David M.
773 0# - HOST ITEM ENTRY
Title The American Economic Review
Related parts - Vol. 69, Nº 5 (dic. 1979)
Record control number REV16190

No hay ítems disponibles.